000 00879cam a2200265 i 4500
001 1351935617
003 OSt
005 20250705143859.0
008 220927s2023 njua 001 0 eng
020 _a9789811268274 (paperback)
024 _cUSD 41
040 _aDLC
_beng
_erda
_cNUST
_dNUST
050 0 4 _aTK4310 RAH
100 1 _aRahman, Faiz
_eAuthor
245 1 0 _aFrom Edison to LEDs :
_bthe science and story of light sources /
_cFaiz Rahman.
260 _aSingapore :
_bWorld Scientific Publishing Co. Pte, Ltd,
_c©2023.
300 _axi, 499 pages :
_bIllustrations ;
_c24 cm.
336 _atext
_btxt
_2rdacontent
337 _aunmediated
_bn
_2rdamedia
338 _avolume
_bnc
_2rdacarrier
504 _aIncludes index.
650 0 _vElectric lamps -- History.
650 0 _vLight sources -- History.
942 _2lcc
_cBOOKS
_hTK4310 RAH
_kTK
_mRAH
_n0
999 _c172168
_d172168